[Event "Novosibirsk Sukharev Memorial op"]
[Site "Novosibirsk"]
[Date "2012.07.23"]
[Round "6"]
[White "Garder, Igor"]
[Black "Yun, Svetomir"]
[Result "1-0"]
[WhiteElo "2223"]
[BlackElo "2085"]
[PlyCount "59"]
[EventDate "2012.07.18"]
[EventType "swiss"]
[EventRounds "9"]
[EventCountry "RUS"]
[SourceTitle "EXT 2013"]
[Source "ChessBase"]
[SourceDate "2012.11.22"]
[SourceVersion "1"]
[SourceVersionDate "2012.11.22"]
[SourceQuality "1"]

1. c4 Nf6 2. Nc3 g6 3. e4 d6 4. d4 Bg7 5. Nf3 0-0 6. Be2 e5 7. 0-0 Nc6 8. d5 Ne7 9. b4 Nh5 10. Re1 f5 11. Ng5 Nf6 12. Bf3 a5 13. bxa5 Rxa5 14. a4 Ra6 15. Ba3 c5 16. dxc6 Rxc6 17. Qb3 Rb6 18. Nb5 Kh8 19. Rad1 fxe4 20. Nxe4 Nxe4 21. Bxe4 Nf5 22. Bxf5 Bxf5 23. Bxd6 Bg4 24. f3 Be6 25. Bxe5 Qh4 26. Bxg7+ Kxg7 27. Qe3 Rc6 28. Nd4 Bxc4 29. Nxc6 bxc6 30. Rd4 1-0

[Event "Novosibirsk Sukharev Memorial op"]
[Site "Novosibirsk"]
[Date "2010.07.25"]
[Round "8"]
[White "Garder, Igor"]
[Black "Zaichenko, Daria"]
[Result "1-0"]
[WhiteElo "2229"]
[BlackElo "2123"]
[PlyCount "97"]
[EventDate "2010.07.18"]
[EventType "swiss"]
[EventRounds "9"]
[EventCountry "RUS"]
[SourceTitle "EXT 2011"]
[Source "ChessBase"]
[SourceDate "2010.11.26"]
[SourceVersion "1"]
[SourceVersionDate "2010.11.26"]
[SourceQuality "1"]

1. d4 d5 2. c4 c6 3. Nc3 Nf6 4. Nf3 dxc4 5. a4 e6 6. e4 Bb4 7. Qc2 b5 8. Be2 Bb7 9. 0-0 Qb6 10. e5 Nd5 11. Ne4 Nd7 12. Bd2 Be7 13. Bg5 Bb4 14. Bd2 Be7 15. a5 Qc7 16. b3 cxb3 17. Qxb3 a6 18. Rfc1 c5 19. Nxc5 Nxc5 20. dxc5 Bc6 21. Nd4 Rd8 22. Qg3 Bf8 23. f4 Ne7 24. Be3 g6 25. Bf3 Bxf3 26. Qxf3 Nd5 27. c6 Bb4 28. Nb3 0-0 29. Bd4 Rc8 30. Qf2 Qe7 31. h3 Rc7 32. Bb6 Rcc8 33. Bc5 Bxc5 34. Rxc5 Rc7 35. Rac1 Rfc8 36. Nd2 Nb4 37. Qf3 Qd8 38. Ne4 Qd4+ 39. Kh2 Nd5 40. Rd1 Qb4 41. Rcxd5 exd5 42. Nf6+ Kg7 43. Nxd5 Qxa5 44. Nxc7 Qxc7 45. Rd6 Qe7 46. Qd5 Kf8 47. Rd7 Qe6 48. Rd8+ Ke7 49. Qxe6+ 1-0

[Event "Novosibirsk-ch"]
[Site "Novosibirsk"]
[Date "2010.03.11"]
[Round "8"]
[White "Dzhumagaliev, Yan"]
[Black "Garder, Igor"]
[Result "1-0"]
[WhiteElo "2367"]
[BlackElo "2238"]
[PlyCount "57"]
[EventDate "2010.03.01"]
[EventType "swiss"]
[EventRounds "9"]
[EventCountry "RUS"]
[SourceTitle "CBM 135 Extra"]
[Source "ChessBase"]
[SourceDate "2010.05.04"]
[SourceVersion "1"]
[SourceVersionDate "2010.05.04"]
[SourceQuality "1"]

1. d4 Nf6 2. c4 e6 3. g3 d5 4. Nf3 dxc4 5. Bg2 a6 6. 0-0 Nc6 7. Nc3 Rb8 8. e3 Be7 9. Qe2 b5 10. Rd1 Bb7 11. e4 0-0 12. d5 exd5 13. e5 d4 14. exf6 Bxf6 15. Ne4 Re8 16. Nxf6+ Qxf6 17. Qd2 d3 18. Qf4 Qd8 19. Bd2 a5 20. a4 Nb4 21. axb5 Re4 22. Qf5 g6 23. Qc5 Nc2 24. Rxa5 Re2 25. Bc3 Ra8 26. Rxa8 Qxa8 27. Qg5 Re6 28. Qf4 Be4 29. Ng5 1-0

[Event "Novosibirsk-ch"]
[Site "Novosibirsk"]
[Date "2010.03.01"]
[Round "1"]
[White "Garder, Igor"]
[Black "Kamrukov, Alexey"]
[Result "1-0"]
[WhiteElo "2238"]
[BlackElo "2031"]
[PlyCount "51"]
[EventDate "2010.03.01"]
[EventType "swiss"]
[EventRounds "9"]
[EventCountry "RUS"]
[SourceTitle "CBM 135 Extra"]
[Source "ChessBase"]
[SourceDate "2010.05.04"]
[SourceVersion "1"]
[SourceVersionDate "2010.05.04"]
[SourceQuality "1"]

1. c4 e6 2. d4 d5 3. Nf3 c6 4. Nbd2 Nf6 5. e3 Nbd7 6. b3 Bd6 7. Bb2 0-0 8. Bd3 Qe7 9. Ne5 c5 10. 0-0 Bc7 11. f4 Nxe5 12. dxe5 Nd7 13. Qc2 h6 14. Rf3 Rd8 15. Rg3 Nf8 16. Rc1 b6 17. cxd5 exd5 18. Nf3 Nd7 19. e6 Nf6 20. exf7+ Qxf7 21. Ne5 Bxe5 22. fxe5 Ne8 23. Rf1 Qe7 24. Rgf3 Nc7 25. Bh7+ Kh8 26. Rf7 1-0

[Event "Novosibirsk Sukharev Memorial op"]
[Site "Novosibirsk"]
[Date "2009.07.26"]
[Round "9"]
[White "Bocharov, Ivan"]
[Black "Garder, Igor"]
[Result "1-0"]
[WhiteElo "2476"]
[BlackElo "2243"]
[PlyCount "142"]
[EventDate "2009.07.18"]
[EventType "swiss"]
[EventRounds "9"]
[EventCountry "RUS"]
[SourceTitle "CBM 131 Extra"]
[Source "ChessBase"]
[SourceDate "2009.09.03"]
[SourceVersion "2"]
[SourceVersionDate "2009.09.16"]
[SourceQuality "1"]

1. f4 Nf6 2. Nf3 c5 3. g3 b6 4. Bg2 Bb7 5. d3 d5 6. e3 Nbd7 7. 0-0 e6 8. Qe2 Be7 9. Nbd2 Qc7 10. e4 dxe4 11. dxe4 0-0 12. e5 Nd5 13. c4 Nb4 14. Ne4 Rad8 15. a3 Nc6 16. Be3 Ndb8 17. Rad1 Rxd1 18. Rxd1 Rd8 19. Rxd8+ Qxd8 20. Qd2 Qxd2 21. Nfxd2 Nd7 22. Kf2 h6 23. Nb3 Kf8 24. Bd2 f6 25. exf6 Nxf6 26. Nc1 Nxe4+ 27. Bxe4 Bf6 28. Nd3 Ke7 29. Ke3 Nd8 30. Bxb7 Nxb7 31. b3 h5 32. h3 g6 33. Ne5 Bxe5 34. fxe5 Nd8 35. Ke4 Nf7 36. b4 Kd7 37. bxc5 bxc5 38. Kf4 Kc6 39. a4 a6 40. a5 Kd7 41. Be3 Kc6 42. Bf2 Kd7 43. Bxc5 Kc6 44. Bd4 Kd7 45. g4 hxg4 46. Kxg4 Kc6 47. h4 Kd7 48. Bf2 Kc6 49. Kf4 Kd7 50. Bc5 Kc6 51. Bf8 Kd7 52. Ke4 Kc6 53. Kd4 Nd8 54. Be7 Nf7 55. Ke4 Kd7 56. Bf8 Kc7 57. Kf4 Kd7 58. Bb4 Kc6 59. Bf8 Kd7 60. Kg4 Kc6 61. Be7 Kd7 62. Bf6 Kc6 63. h5 gxh5+ 64. Kxh5 Kc5 65. Kg6 Nxe5+ 66. Bxe5 Kxc4 67. Kf7 Kb5 68. Bc3 Kc6 69. Bd2 e5 70. Ke7 e4 71. Kd8 Kb7 1-0

[Event "Novosibirsk Sukharev Memorial op"]
[Site "Novosibirsk"]
[Date "2009.07.25"]
[Round "8"]
[White "Polyakevich, Stanislav Georgievi"]
[Black "Garder, Igor"]
[Result "0-1"]
[WhiteElo "2311"]
[BlackElo "2243"]
[PlyCount "112"]
[EventDate "2009.07.18"]
[EventType "swiss"]
[EventRounds "9"]
[EventCountry "RUS"]
[SourceTitle "CBM 131 Extra"]
[Source "ChessBase"]
[SourceDate "2009.09.03"]
[SourceVersion "2"]
[SourceVersionDate "2009.09.16"]
[SourceQuality "1"]

1. d4 Nf6 2. Nf3 e6 3. c4 b6 4. g3 Ba6 5. b3 d5 6. Bg2 Bb4+ 7. Bd2 Be7 8. 0-0 Nbd7 9. Nc3 c6 10. Re1 0-0 11. e4 dxc4 12. Bf1 b5 13. bxc4 bxc4 14. Qa4 Qc8 15. Bf4 Nb6 16. Qa5 Rd8 17. Rad1 Qb7 18. Bg2 Rac8 19. h3 h6 20. g4 Bb5 21. Rb1 Qa6 22. Qxa6 Bxa6 23. a4 Nbd7 24. Bf1 Ba3 25. Bg3 c5 26. Bd6 Bb4 27. Rbc1 Bb7 28. Be7 Re8 29. Bxf6 Nxf6 30. dxc5 Rxc5 31. Nd2 Rec8 32. f3 a5 33. Re2 Nd7 34. Rc2 Ne5 35. Kg2 Nd3 36. Kg3 g5 37. Re3 Ba6 38. Ndb1 R5c7 39. Nb5 Bxb5 40. axb5 Bc5 41. Ree2 Bd6+ 42. Kg2 Nf4+ 43. Kf2 Nxe2 44. Bxe2 Bb4 45. Ke3 e5 46. Nc3 Bxc3 47. Rxc3 Kf8 48. Bd1 Ke7 49. Ra3 Ra8 50. Kd2 Kd6 51. Kc3 Kc5 52. Ra1 a4 53. Bxa4 Rca7 54. b6 Rb7 55. Bc6 Rxa1 56. Bxb7 Ra3+ 0-1

[Event "Novosibirsk Region-ch sf"]
[Site "Novosibirsk"]
[Date "2008.10.26"]
[Round "9"]
[White "Bublei, Pavel"]
[Black "Garder, Igor"]
[Result "1-0"]
[WhiteElo "2152"]
[BlackElo "2264"]
[PlyCount "89"]
[EventDate "2008.10.18"]
[EventType "swiss"]
[EventRounds "9"]
[EventCountry "RUS"]
[SourceTitle "EXT 2022"]
[Source "ChessBase"]
[SourceDate "2021.10.06"]
[SourceVersion "1"]
[SourceVersionDate "2021.10.06"]
[SourceQuality "1"]

1. d4 Nf6 2. c4 e6 3. Nc3 Bb4 4. e3 c5 5. Bd3 d5 6. Nf3 0-0 7. 0-0 Nbd7 8. a3 Bxc3 9. bxc3 Qc7 10. Qe2 b6 11. cxd5 exd5 12. c4 dxc4 13. Bxc4 Bb7 14. Bb2 Rac8 15. Rac1 Qb8 16. Rfd1 Qa8 17. a4 Rfd8 18. Ng5 Bd5 19. e4 Re8 20. dxc5 Rxc5 21. Bxf6 Nxf6 22. Bxd5 Rxd5 23. Rxd5 Qxd5 24. exd5 Rxe2 25. d6 g6 26. Rc8+ Kg7 27. f4 h6 28. Nf3 Re6 29. Rd8 Ne4 30. d7 Rd6 31. g3 Nc5 32. Ne5 Kf6 33. Kf2 g5 34. Rh8 Ne6 35. Rxh6+ Kf5 36. Ke3 gxf4+ 37. gxf4 a6 38. Rh5+ Kf6 39. Rh7 Nd8 40. Rh8 Ne6 41. Rh7 Nd8 42. Rh6+ Ke7 43. Rh8 Ne6 44. f5 Nd8 45. f6+ 1-0

[Event "Novosibirsk Region-ch sf"]
[Site "Novosibirsk"]
[Date "2008.10.24"]
[Round "8"]
[White "Garder, Igor"]
[Black "Okhrimenko, Ivan"]
[Result "1/2-1/2"]
[WhiteElo "2264"]
[BlackElo "2041"]
[PlyCount "105"]
[EventDate "2008.10.18"]
[EventType "swiss"]
[EventRounds "9"]
[EventCountry "RUS"]
[SourceTitle "EXT 2022"]
[Source "ChessBase"]
[SourceDate "2021.10.06"]
[SourceVersion "1"]
[SourceVersionDate "2021.10.06"]
[SourceQuality "1"]

1. d4 Nf6 2. c4 e6 3. g3 c5 4. d5 d6 5. Nc3 e5 6. Bg2 Be7 7. Nf3 0-0 8. e4 Na6 9. 0-0 Nc7 10. a3 Bg4 11. b4 a6 12. h3 Bxf3 13. Bxf3 b5 14. Be2 bxc4 15. Bxc4 Qd7 16. Kg2 cxb4 17. axb4 Nb5 18. Bxb5 axb5 19. Rxa8 Rxa8 20. Qd3 Rc8 21. Ba3 Rb8 22. Rc1 Ne8 23. Ne2 g6 24. Rc6 Qa7 25. Bc1 Qa4 26. Bd2 Bf8 27. Qb1 Qa7 28. Be3 Qd7 29. Qd3 f5 30. f3 fxe4 31. fxe4 Qf7 32. Nc3 Nf6 33. Bb6 Ra8 34. Nxb5 Ra2+ 35. Rc2 Rxc2+ 36. Qxc2 Nxd5 37. Bf2 Nxb4 38. Qd2 d5 39. exd5 Qxd5+ 40. Qxd5+ Nxd5 41. Kf3 Kf7 42. Be1 Ke6 43. Bd2 Bc5 44. g4 Bb6 45. Bg5 Bc5 46. Ke4 Bf8 47. Kd3 h6 48. Bd2 g5 49. Nc3 Nxc3 50. Bxc3 Kd5 51. Ke2 Ke4 52. Bd2 Kd5 53. Bc1 1/2-1/2

[Event "Novosibirsk Region op"]
[Site "Novosibirsk"]
[Date "2007.12.10"]
[Round "6"]
[White "Garder, Igor"]
[Black "Verzhansky, Alexander"]
[Result "0-1"]
[WhiteElo "2267"]
[BlackElo "2357"]
[PlyCount "54"]
[EventDate "2007.12.05"]
[EventType "swiss"]
[EventRounds "9"]
[EventCountry "RUS"]
[SourceTitle "CBM 122 Extra"]
[Source "ChessBase"]
[SourceDate "2008.03.04"]
[SourceVersion "1"]
[SourceVersionDate "2008.03.04"]
[SourceQuality "1"]

1. c4 c6 2. d4 d5 3. Nc3 Nf6 4. Nf3 e6 5. e3 Nbd7 6. Bd3 dxc4 7. Bxc4 b5 8. Bd3 a6 9. e4 c5 10. e5 cxd4 11. Nxb5 Ng4 12. Qa4 Ngxe5 13. Nxe5 Nxe5 14. Nd6+ Ke7 15. Nxc8+ Rxc8 16. Qxa6 Rc6 17. Qb5 Qc7 18. Bd2 Rb6 19. Rc1 Qd6 20. 0-0 Rxb5 21. Bxb5 Kf6 22. Rfe1 Ng4 23. g3 h5 24. Re4 g5 25. b4 Qd5 26. Bc6 Qxa2 27. Rxd4 Bxb4 0-1

[Event "Novosibirsk Region op"]
[Site "Novosibirsk"]
[Date "2007.12.08"]
[Round "4"]
[White "Tuzhik, Artem"]
[Black "Garder, Igor"]
[Result "0-1"]
[WhiteElo "2316"]
[BlackElo "2267"]
[PlyCount "78"]
[EventDate "2007.12.05"]
[EventType "swiss"]
[EventRounds "9"]
[EventCountry "RUS"]
[SourceTitle "CBM 122 Extra"]
[Source "ChessBase"]
[SourceDate "2008.03.04"]
[SourceVersion "1"]
[SourceVersionDate "2008.03.04"]
[SourceQuality "1"]

1. e4 c6 2. d4 d5 3. e5 Bf5 4. Be3 Qb6 5. Qc1 e6 6. c4 dxc4 7. Bxc4 Nd7 8. Nc3 Qc7 9. Nge2 Ne7 10. Bb3 a6 11. 0-0 Rc8 12. Qd2 Nb6 13. Ng3 Bg6 14. Rac1 Nf5 15. Nxf5 Bxf5 16. Qe2 h5 17. Bg5 Be7 18. Bxe7 Qxe7 19. Ne4 Bxe4 20. Qxe4 g6 21. Rc3 Kf8 22. Rfc1 Kg7 23. Bd1 Rc7 24. a3 Rd7 25. Rd3 Nd5 26. Be2 Qg5 27. Rdd1 h4 28. g3 hxg3 29. hxg3 Ne7 30. Rc3 Nf5 31. Rcd3 Rh4 32. g4 Ne7 33. f4 Qh6 34. Rf1 Nd5 35. Rg3 Rd8 36. Qf3 Rh8 37. f5 Rh1+ 38. Kf2 Rh2+ 39. Rg2 Qh4+ 0-1

[Event "Novosibirsk Sibiria op-C"]
[Site "Novosibirsk"]
[Date "2007.07.23"]
[Round "3"]
[White "Beletsky, Alexey"]
[Black "Garder, Igor"]
[Result "0-1"]
[WhiteElo "2381"]
[BlackElo "2268"]
[PlyCount "68"]
[EventDate "2007.07.21"]
[EventType "swiss"]
[EventRounds "9"]
[EventCountry "RUS"]
[SourceTitle "EXT 2008"]
[Source "ChessBase"]
[SourceDate "2007.11.25"]
[SourceVersion "1"]
[SourceVersionDate "2007.11.25"]
[SourceQuality "1"]

1. d4 d5 2. c4 c6 3. Nf3 Nf6 4. Qc2 dxc4 5. Qxc4 b5 6. Qc2 Bb7 7. Bg5 e6 8. Nbd2 Nbd7 9. e4 Qb6 10. a4 Bb4 11. Bd3 h6 12. Bxf6 Nxf6 13. 0-0 a6 14. Nb3 0-0 15. Rfd1 Nd7 16. Qe2 bxa4 17. Rxa4 c5 18. dxc5 Nxc5 19. Nxc5 Bxc5 20. Rda1 a5 21. Ne5 Qc7 22. Nc4 Bb4 23. b3 Rfd8 24. Qc2 Qc5 25. h3 Qd4 26. Nb2 Rac8 27. Qe2 Qc3 28. e5 Qxb3 29. Rd1 Bc3 30. Rb1 Bxb2 31. Rxb2 Qxa4 32. Rxb7 Qd4 33. Bc2 Qd2 34. Qh5 Qc1+ 0-1

[Event "Novosibirsk CC-ch"]
[Site "Novosibirsk"]
[Date "2007.01.18"]
[Round "4"]
[White "Sinitsin, Roman"]
[Black "Garder, Igor"]
[Result "1-0"]
[WhiteElo "2207"]
[BlackElo "2314"]
[PlyCount "61"]
[EventDate "2007.01.14"]
[EventType "swiss"]
[EventRounds "11"]
[EventCountry "RUS"]
[SourceTitle "EXT 2010"]
[Source "ChessBase"]
[SourceDate "2010.11.25"]
[SourceVersion "1"]
[SourceVersionDate "2010.11.25"]
[SourceQuality "1"]

1. d4 d5 2. Nf3 Nf6 3. c4 c6 4. Nc3 a6 5. g3 dxc4 6. Bg2 b5 7. Ne5 Bb7 8. a4 Qb6 9. axb5 cxb5 10. d5 g6 11. 0-0 Bg7 12. Be3 Qc7 13. d6 exd6 14. Bxb7 Qxb7 15. Qxd6 Nbd7 16. Rfd1 Nxe5 17. Qxe5+ Kf8 18. Bh6 Ne8 19. Bxg7+ Nxg7 20. Nd5 Rd8 21. Nf6 Qe7 22. Rxd8+ Qxd8 23. Rxa6 Ne6 24. Rb6 Qd4 25. Nd7+ Qxd7 26. Qxh8+ Ke7 27. Qe5 f6 28. Qxb5 Qd1+ 29. Kg2 Qxe2 30. Rb7+ Kd6 31. Rd7# 1-0

[Event "Novosibirsk CC-ch"]
[Site "Novosibirsk"]
[Date "2007.01.17"]
[Round "3"]
[White "Garder, Igor"]
[Black "Tsygankov, Dmitry"]
[Result "1-0"]
[WhiteElo "2314"]
[BlackElo "2073"]
[PlyCount "55"]
[EventDate "2007.01.14"]
[EventType "swiss"]
[EventRounds "11"]
[EventCountry "RUS"]
[SourceTitle "EXT 2010"]
[Source "ChessBase"]
[SourceDate "2010.11.25"]
[SourceVersion "1"]
[SourceVersionDate "2010.11.25"]
[SourceQuality "1"]

1. d4 Nf6 2. c4 g6 3. Nc3 d5 4. cxd5 Nxd5 5. e4 Nxc3 6. bxc3 Bg7 7. Bc4 c5 8. Ne2 0-0 9. 0-0 Nc6 10. Be3 Qc7 11. Rb1 cxd4 12. cxd4 e6 13. Bf4 e5 14. Bg3 Qe7 15. d5 Rd8 16. Qa4 Nb8 17. f4 Rd6 18. Bh4 Qf8 19. Rf2 Nd7 20. Bg3 Nb6 21. Qb3 Nxc4 22. Qxc4 Qe7 23. Rbf1 f5 24. Nc3 Bd7 25. Qb4 Rc8 26. exf5 Rxc3 27. fxe5 Bxe5 28. f6 1-0